000 00580nam a22002057a 4500
003 OSt
005 20210415120345.0
008 210310s1975 ||||| |||| 00| 0 eng d
040 _aeng
_beng
_cDLC
041 _aeng
080 _a821.111
_bP-68
100 _91329
_aPirsig, M. Robert
245 _aZen and the Art of Motorcycle Maintenance
_c/ by: Bantam Books
260 _aToronto
_bBantam Books
_c1975
300 _a406 p.
365 _b2.25 usd
650 0 _9254
_aEnglish literature
653 _aინგლისური ლიტერატურა
942 _2udc
_cBK
999 _c2091
_d2091